Složitost a protiklady v architektuře /

Salvato in:
Dettagli Bibliografici
Autore principale: Venturi, Robert (Autore)
Natura: Libro
Lingua:ceco
Pubblicazione: Praha : s.n., 1979
Edizione:1. vydanie
Soggetti:
Tags: Aggiungi Tag
Nessun Tag, puoi essere il primo ad aggiungerne!!

MARC

LEADER 00000nam a22000003a 4500
001 0108791
003 SK-STU
005 20240321142046.7
007 ta
008 240321s ----xo-----e------000-0-----d
040 |a STU  |b slo 
041 0 |a cze 
044 |a xr 
100 1 |a Venturi, Robert  |4 aut 
245 1 0 |a Složitost a protiklady v architektuře /  |c aut. Robert Venturi 
250 |a 1. vydanie 
260 |a Praha :  |b s.n.,  |c 1979 
300 |a 123 s. 
650 0 7 |a teória architektúry 
650 0 7 |a dejiny architektúry 
650 0 7 |a architektúra 
650 0 7 |a esej 
650 0 7 |a myslenie kritické 
650 0 7 |a kritika architektonická 
996 |b 284AU09963  |c A* 13331/U  |l AAKNAR  |s A  |a 24  |w 0108791_0001